Intermediate economic theory / (Record no. 2152)
[ view plain ]
| 000 -LEADER | |
|---|---|
| fixed length control field | 00742cam a22002651 4500 |
| 001 - CONTROL NUMBER | |
| control field | 2152 |
| 003 - CONTROL NUMBER IDENTIFIER | |
| rucl marc code | BD-RjUL |
| 005 - DATE AND TIME OF LATEST TRANSACTION | |
| control field | 20211208233508.0 |
| 008 - FIXED-LENGTH DATA ELEMENTS--GENERAL INFORMATION | |
| fixed length control field | 131210s1962 ilua b 001 0 eng |
| 035 ## - SYSTEM CONTROL NUMBER | |
| System control number | (BD-RjUL)2179 |
| System control number | (OCoLC)341351 |
| 040 ## - CATALOGING SOURCE | |
| Original cataloging agency | DLC |
| Transcribing agency | OClU |
| Modifying agency | OCoLC |
| -- | DLC |
| -- | BD-RjUL |
| Language of cataloging | eng |
| 041 ## - LANGUAGE CODE | |
| Language code of text/sound track or separate title | eng |
| 082 00 - DEWEY DECIMAL CLASSIFICATION NUMBER | |
| Classification number | 330.1 |
| Author mark and year | MAI 1962 |
| 100 1# - MAIN ENTRY--PERSONAL NAME | |
| Personal name | Malanos, George J. |
| 9 (RLIN) | 7055 |
| 245 10 - TITLE STATEMENT | |
| Title | Intermediate economic theory / |
| Statement of responsibility, etc. | George Malanos. |
| 260 ## - PUBLICATION, DISTRIBUTION, ETC. (IMPRINT) | |
| Place of publication, distribution, etc. | Chicago : |
| Name of publisher, distributor, etc. | Lippincott, |
| Date of publication, distribution, etc. | c1962. |
| 300 ## - PHYSICAL DESCRIPTION | |
| Pagination | 540 p. : |
| Illustrations | ill . ; |
| Size | 24 cm. |
| 490 0# - SERIES STATEMENT | |
| Series statement | The Lippincott college economics series |
| 504 ## - BIBLIOGRAPHY, ETC. NOTE | |
| Bibliography, etc | Includes bibliography. |
| Bibliography, etc | Includes index. |
| 650 #0 - SUBJECT ADDED ENTRY--TOPICAL TERM | |
| Topical term or geographic name as entry element | Economics. |
| 9 (RLIN) | 7056 |
| 942 ## - ADDED ENTRY ELEMENTS (KOHA) | |
| Source of classification or shelving scheme | Dewey Decimal Classification |
| Koha item type | Books |
| Lost status | Source of classification or shelving scheme | Damaged status | Not for loan | Collection code | Permanent Location | Current Location | Shelving location | Date acquired | Source of acquisition | Total Checkouts | Full call number | Date last seen | Copy number | Koha item type | Cost, normal purchase price |
|---|---|---|---|---|---|---|---|---|---|---|---|---|---|---|---|
| Dewey Decimal Classification | Non-fiction | Central Library, University of Rajshahi | Central Library, University of Rajshahi | 11/03/1974 | Canada Govt. | 330.1 MAI 1962 | 10/12/2013 | C-3 | Books | ||||||
| Dewey Decimal Classification | Not For Loan | Non-fiction | Central Library, University of Rajshahi | Central Library, University of Rajshahi | Reading Room | 10/05/1954 | Zeitlinger | 330.1 MAI 1962 | 22/12/2016 | C-1 | Books | 54.00 | |||
| Dewey Decimal Classification | Non-fiction | Central Library, University of Rajshahi | Central Library, University of Rajshahi | 19/05/1964 | Zeitlinger | 330.1 MAI 1962 | 27/12/2016 | C-2 | Books | 54.00 |